Process Control Security Supervised by Homomorphic Encryption
Guardado en:
| Autor principal: | |
|---|---|
| Otros Autores: | |
| Formato: | Manuscrito Libro |
| Lenguaje: | eslovaco inglés |
| Publicado: |
2024
|
| Materias: | |
| Acceso en línea: | http://is.stuba.sk/zp/portal_zp.pl?podrobnosti=159284 |
| Etiquetas: |
Sin Etiquetas, Sea el primero en etiquetar este registro!
|
MARC
| LEADER | 00000ntm a22000003a 4500 | ||
|---|---|---|---|
| 001 | stuzp76318 | ||
| 003 | SK-STU | ||
| 005 | 20240127210240.4 | ||
| 007 | ta | ||
| 008 | 150427s2015----xo-----f-mn---000-0-slo-d | ||
| 040 | |a STU |b slo | ||
| 041 | 0 | |a eng | |
| 100 | 1 | |a Furka, Matúš |u 047220 |k Z8 |4 aut |U FCHPT Ústav informatizácie, automatizácie a matematiky |T FCHPT Oddelenie informatizácie a riadenia procesov |X 61099 |U C7220 |Y 121 |7 61099 | |
| 242 | 0 | 1 | |a Bezpečnosť riadenia procesov pod dohľadom homomorfného šifrovania |y slo |
| 245 | 1 | 0 | |a Process Control Security Supervised by Homomorphic Encryption |
| 260 | |c 2024 | ||
| 650 | 4 | |a Moderné kryptografické nástroje |2 slo | |
| 650 | 4 | |a Homomorfné šifrovanie |2 slo | |
| 650 | 4 | |a Zabezpečené procesné riadenie |2 slo | |
| 650 | 4 | |a Modern Cryptographic Tools |2 eng | |
| 650 | 4 | |a Homomorphic Encryption |2 eng | |
| 650 | 4 | |a Secured Process Control |2 eng | |
| 700 | 1 | |a Klaučo, Martin |u 047220 |k Z1 |4 ths |U FCHPT Ústav informatizácie, automatizácie a matematiky |T FCHPT Oddelenie informatizácie a riadenia procesov |X 50920 |U C7220 |Y 121 |7 A0000050920 | |
| 856 | 4 | |u http://is.stuba.sk/zp/portal_zp.pl?podrobnosti=159284 | |